00986nac a22002771u 4500010001600000020002600016082001600042090001500058100003400073245010400107260006800211300003600279504004100315600002000356600002300376650002900399650002600428650002500454650002500479650002000504700002000524700002700544942001800571999001500589952010400604 a 96035837 a0521563305 (hardback)00a006.3bP386 c2241d2241 a20080729 04aThe large, the small, and the human mind /cRoger Penrose ... [et al.] ; edited by Malcolm Longair. aCambridge ;aNew York :bCambridge University Press,1997c1997. axviii, 185 p. :bill. ;c23 cm. aIncludes bibliographical references.10aShimony, Abner.10aCartwright, Nancy. 0aArtificial intelligence. 0aThought and thinking. 0aPhysicsxPhilosophy. 0aGoÌ(del's theorem. 0aQuantum theory.1 aPenrose, Roger.1 aLongair, M. S.,d1941- cBBk006.3P386 c2241d2241 00104070aMAINbMAINcLOWd2014-02-07ePurchasel0o006.3 LARp000001997r2025-07-15 00:00:00yBB